000 00980nam a2200241 a 4500
001 BRCA_1706
005 20190320203521.0
008 020523s2001 mx-a---##b---#000-0#spa-#
020 _a9688910244
040 _aDLC
_cDLC
_dDLC
041 _aeng
_hspa
050 4 _aF1371.M6
_b.M66 2001
245 1 0 _aMonterrey (1880-1930)
_bpresas de un lente objetivo
_cselección de fotografías y pies de grabado Delia de Peña Guajardo y Silvia Cárdenas de Mayer ; concepto gráfico, edición y prólogo Ricardo Elizondo Elizondo.
260 _a[Monterrey, México]
_bTecnológico de Monterrey
_c2001
300 _a200 p.
_bil. a color, mapas
_c30 cm.
504 _aBibliografía: p. [203]
650 1 4 _aColecciones de fotografías
_zMéxico - Monterrey
_95327
651 4 _aMonterrey (México)
_xHistoria - En la fotografía
_95328
700 1 _aPeña Guajardo, Delia de
_95329
700 1 _aCárdenas de Mayer, Silvia
_95330
700 1 _aElizondo Elizondo, Ricardo
_95331
942 _2lcc
_cB
999 _c1496
_d1496